الطب القرآني بين الغذاء والدواء / (رقم التسجيلة. 23183)

تفاصيل مارك
000 -الفاتح
حقل البيانات ثابتة الطول 00808nam a22002297a 4500
003 - محدد رقم الضبط
رقم الضبط OSt
005 - وقت وتاريخ اخر تعامل مع التسجيلة
رقم الضبط 20150408114034.0
008 - عناصر البيانات ثابتة الطول - معلومات عامة
حقل البيانات ثابتة الطول 120513s2011 jo ||||g b 00| 0 ara d
020 ## - الرقم الدولى المعيارى للكتب
الرقم الدولى المعيارى للكتاب 9789957711665
040 ## - مصدر الفهرسة
وكالة النسخ MU
082 04 - رقم تصنيف ديوى العشرى
رقم الطبعة 21
رقم التصنيف 615.852
رقم المادة ع م ط
100 1# - المدخل الرئيسى - إسم شخصى
الإسم الشخصى عبد الله، محمد محمود.
9 (RLIN) 13887
245 12 - بيان العنوان
العنوان الطب القرآني بين الغذاء والدواء /
بيان المسئوليه,etc تأليف محمد محمود عبد الله.
250 ## - بيان الطبعة
بيان الطبعة ط. 1.
260 ## - PUBLICATION, DISTRIBUTION, ETC. (IMPRINT)
مكان الناشر او الموزع عمان، الأردن :
اسم الناشر او الموزع دار دجلة،
تاريخ النشر أو التوزيع 2011.
300 ## - الوصف المادى
التعداد 267 ص. ؛
أبعاد الوعاء 24 سم.
504 ## - تبصرة ببليوجرافية
تبصرة ببليوجرافية,الخ يشتمل على ارجاعات ببليوجرافية.
650 #4 - المدخل الاضافى بالموضوع-مصطلح موضوعى
مصطلح موضوعي أو اسم جغرافي كعنصر مدخل العلاج بالقرآن.
9 (RLIN) 13888
650 #4 - المدخل الاضافى بالموضوع-مصطلح موضوعى
مصطلح موضوعي أو اسم جغرافي كعنصر مدخل الطب في القرآن.
9 (RLIN) 13889
650 #4 - المدخل الاضافى بالموضوع-مصطلح موضوعى
مصطلح موضوعي أو اسم جغرافي كعنصر مدخل الطب الإسلامي.
9 (RLIN) 13890
942 ## - عناصر المدخل الإضافي( كوها)
مصدر التصنيف او مخطط الترفيف Dewey Decimal Classification
Koha [default] item type DVD
المقتنيات
حالة الفقد نموذج السعر الفعال حالة تلف ليس للاعارة رقم الطلب رقم النسخة تاريخ الاكتساب الموقع الحالي الباركود الفرع الرئيسي Date last seen نوع المادة فى نظام كوها مصدر التصنيف او خطة الترفيف Total Checkouts Date last checked out
  2013-03-10     615.852 ع م ط ن 1 2012-05-13 المكتبة المركزية بالمجمعة (CL) 00104614 المكتبة المركزية بالمجمعة (CL) 2013-03-10 كتاب Dewey Decimal Classification    
  2013-03-10     615.852 ع م ط ن 2 2012-05-13 المكتبة المركزية بالمجمعة (CL) 00104615 المكتبة المركزية بالمجمعة (CL) 2013-03-10 كتاب Dewey Decimal Classification    
  2013-03-10     615.852 ع م ط ن 3 2012-05-13 المكتبة المركزية بالمجمعة (CL) 00104616 المكتبة المركزية بالمجمعة (CL) 2013-03-10 كتاب Dewey Decimal Classification    
  2013-03-10     615.852 ع م ط ن 1 2012-05-13 مكتبة كلية التربية بالزلفى - طالبات (EZF) 00104617 مكتبة كلية التربية بالزلفى - طالبات (EZF) 2013-03-10 كتاب Dewey Decimal Classification    
  2013-03-10     615.852 ع م ط ن 2 2012-05-13 مكتبة كلية التربية بالزلفى - طالبات (EZF) 00104618 مكتبة كلية التربية بالزلفى - طالبات (EZF) 2014-12-03 كتاب Dewey Decimal Classification 2 2014-11-10
  2013-03-10     615.852 ع م ط ن 1 2012-05-13 مكتبة كلية التمريض - طالبات (CNF) 00104621 مكتبة كلية التمريض - طالبات (CNF) 2017-03-30 كتاب Dewey Decimal Classification 1 2017-02-23
  2013-03-10     615.852 ع م ط ن 2 2012-05-13 مكتبة كلية التمريض - طالبات (CNF) 00104622 مكتبة كلية التمريض - طالبات (CNF) 2016-12-01 كتاب Dewey Decimal Classification 1 2016-11-20
  2013-03-10     615.852 ع م ط ن 1 2012-05-13 مكتبة كلية العلوم و الدراسات الإنسانية برماح - طالبات (SRF) 00104570 مكتبة كلية العلوم و الدراسات الإنسانية برماح - طالبات (SRF) 2013-03-10 كتاب Dewey Decimal Classification    
  2013-03-10     615.852 ع م ط ن 2 2012-05-13 مكتبة كلية العلوم و الدراسات الإنسانية برماح - طالبات (SRF) 00104571 مكتبة كلية العلوم و الدراسات الإنسانية برماح - طالبات (SRF) 2018-11-21 كتاب Dewey Decimal Classification 1 2018-10-17
  2013-03-10     615.852 ع م ط ن 1 2012-05-13 مكتبة كلية العلوم و الدراسات الإنسانية برماح - طلاب (SRM) 00104568 مكتبة كلية العلوم و الدراسات الإنسانية برماح - طلاب (SRM) 2013-03-10 كتاب Dewey Decimal Classification    
  2013-03-10     615.852 ع م ط ن 2 2012-05-13 مكتبة كلية العلوم و الدراسات الإنسانية برماح - طلاب (SRM) 00104569 مكتبة كلية العلوم و الدراسات الإنسانية برماح - طلاب (SRM) 2013-03-10 كتاب Dewey Decimal Classification    
  2013-03-10     615.852 ع م ط ن 1 2012-05-13 مكتبة مجمع الطالبات بالمجمعة (EMF) 00104619 مكتبة مجمع الطالبات بالمجمعة (EMF) 2013-03-10 كتاب Dewey Decimal Classification    
  2013-03-10     615.852 ع م ط ن 2 2012-05-13 مكتبة مجمع الطالبات بالمجمعة (EMF) 00104620 مكتبة مجمع الطالبات بالمجمعة (EMF) 2013-03-10 كتاب Dewey Decimal Classification